| 000 | 00880nas a2200301 4500 | ||
|---|---|---|---|
| 001 | BR9508323 | ||
| 003 | BR-BrBNA | ||
| 005 | 20231205095512.0 | ||
| 007 | ta | ||
| 008 | 230509b bl.|||p| |||| 00| 00por d | ||
| 040 |
_aBR-BrBNA _bpor _cBiblioteca Nacional de Agricultura |
||
| 072 | _aF01; E16 | ||
| 100 | 1 | _aCriscuolo, P.D. | |
| 100 | 1 | _aPiva, L.H. de O. | |
| 100 | 1 | _aMiranda, L.C. | |
| 100 | 1 | _aBortoleto, E.E. | |
| 100 | 1 | _aDulley, R.D. | |
| 100 | 1 | _aBemelmans, P.F. | |
| 100 | 1 | _aSodrzeieski, D. | |
| 100 | 1 | _aPereira, I.F. | |
| 245 | 1 | _aFloricultura na economia agricola o estado de Sao Paulo - parte I - rosas | |
| 650 | _aRosa | ||
| 650 | _aPlantio | ||
| 650 | _aSao Paulo | ||
| 773 | 0 |
_tAgricultura em Sao Paulo (Brazil) _xISSN 0044-6793 _g(1978), v. 25(1-2) p. 295-319 _wBR9508323 |
|
| 909 |
_a202311 _bLúcia _c55 _dLúcia Elande |
||
| 942 |
_2AGRIS _n0 _cANA |
||
| 999 |
_c151078 _d151078 |
||